Biggest Cities in South America - Extreme - Statistics

General Stats
  • This quiz has been taken 3,034 times
    2,145 since last reset
  • The average score is 60 of 200
Answer Stats
Population Answer % Correct
16.4m Buenos Aires
99%
13.2m Rio de Janeiro
99%
9.60m Bogotá
98%
10.1m Lima
98%
22.4m São Paulo
98%
7.25m Santiago
97%
402k Santiago del Estero
97%
3.75m Caracas
94%
4.00m Brasília
93%
2.13m La Paz
93%
2.73m Quito
93%
1.86m Montevideo
92%
4.03m Medellín
91%
2.35m Asunción
88%
5.00m Belo Horizonte
86%
2.20m Manaus
84%
2.88m Cali
82%
3.85m Recife
81%
4.13m Porto Alegre
80%
3.60m Salvador
79%
271k Sucre
79%
287k Georgetown
77%
3.15m Guayaquil
77%
3.68m Fortaleza
76%
1.67m Córdoba
75%
366k Paramaribo
75%
2.23m Belém
74%
1.37m Rosário
72%
2.10m Barranquilla
70%
3.43m Curitiba
69%
446k Cusco
69%
2.15m Santa Cruz de la Sierra
67%
2.63m Maracaibo
66%
1.13m Cartagena
61%
1.41m Natal
58%
2.00m Valencia
57%
1.02m Valparaíso
56%
3.20m Campinas
55%
1.09m Mendoza
55%
1.44m São Luís
53%
1.08m Arequipa
51%
2.43m Goiânia
50%
1.41m Cochabamba
47%
1.00m Florianópolis
46%
1.74m Santos
42%
540k Santa Fe
40%
980k Trujillo
40%
1.85m Vitória
39%
306k Vitória da Conquista
39%
972k Concepción
38%
558k San Juan
38%
363k Antofagasta
37%
1.26m Bucaramanga
37%
662k Salta
37%
1.02m San Miguel de Tucumán
37%
626k Mar del Plata
36%
1.30m Barquisimeto
35%
1.13m João Pessoa
35%
835k Barcelona
33%
884k Campo Grande
33%
371k Iquitos
33%
1.42m Maracay
33%
483k Ciudad del Este
32%
1.11m Maceió
32%
268k Santa Maria
30%
299k Bahía Blanca
29%
209k Potosí
29%
1.04m Teresina
29%
894k Ciudad Guayana
28%
392k Cuenca
28%
882k Cuiabá
28%
672k Uberlândia
28%
450k Ciudad Bolívar
27%
705k Londrina
26%
461k Santa Marta
26%
390k Boa Vista
25%
353k San Salvador de Jujuy
25%
938k São José dos Campos
25%
856k Aracaju
24%
883k Cúcuta
24%
308k Iquique
24%
483k Porto Velho
24%
826k Resistencia
24%
214k San Luis
24%
570k Joinville
23%
601k Macapá
23%
314k Oruro
23%
492k Caxias do Sul
22%
319k Pelotas
22%
308k San Juan de Pasto
22%
768k Chiclayo
21%
428k Mérida
21%
290k Paraná
21%
535k Piura
21%
374k Rio Branco
21%
256k Foz do Iguaçu
20%
316k Ica
20%
217k Puerto Montt
20%
216k Comodoro Rivadavia
19%
367k Santo Domingo
19%
208k Arica
18%
524k Blumenau
18%
255k Formosa
18%
494k Ibagué
18%
486k Neuquén
18%
290k Palmas
18%
659k Pereira
18%
701k Ribeirão Preto
18%
223k Santarém
18%
226k Ayacucho
17%
458k Campos dos Goytacazes
17%
467k Manizales
17%
575k San Cristóbal
17%
294k Tacna
17%
305k Temuco
17%
310k Cascavel
16%
508k Huancayo
16%
290k Juliaca
16%
418k La Serena
16%
334k Manta
16%
516k Maringá
16%
361k Posadas
16%
821k Sorocaba
16%
379k Chimbote
15%
564k Feira de Santana
15%
562k Juiz de Fora
15%
217k La Rioja
15%
270k Popayán
15%
326k Uberaba
15%
504k Villavicencio
15%
380k Anápolis
14%
210k Cajamarca
14%
391k Campina Grande
14%
263k Coro
14%
213k Tarija
14%
345k Armenia
13%
222k Catamarca
13%
508k Maturín
13%
398k Montería
13%
249k Presidente Prudente
13%
339k Pucallpa
13%
444k Valledupar
13%
357k Barinas
12%
370k Bauru
12%
347k Franca
12%
269k Governor Valadares
12%
669k Jundiaí
12%
242k São Carlos
12%
319k Criciúma
11%
280k Itu
11%
429k Juazeiro do Norte
11%
390k Montes Claros
11%
339k Neiva
11%
436k Petrolina
11%
344k Ponta Grossa
11%
487k São José de Rio Preto
11%
244k Talca
11%
235k Buenaventura
10%
244k Loja
10%
351k Machala
10%
395k Piracicaba
10%
328k Rancagua
10%
481k Volta Redonda
10%
296k Cabo Frio
9%
494k Ipatinga
9%
223k Marabá
9%
218k Rio Verde
9%
304k Sincelejo
9%
298k El Tigre
8%
245k Imperatriz
8%
317k Limeira
8%
225k Rio Claro
8%
321k Caruaru
7%
385k Cumaná
7%
232k Divinópolis
7%
271k Mossoró
7%
224k Rondonópolis
7%
262k San Fernando de Apure
7%
206k Dourados
6%
570k Itajaí
6%
516k Taubaté
6%
267k Araraquara
5%
367k Camaçari
5%
463k Guarenas
5%
208k Huánuco
5%
252k Macaé
5%
236k Mogi Guaçu
5%
289k Santa Teresa del Tuy
5%
483k Cúa
4%
208k Itabuna
4%
232k Magé
4%
228k Marília
4%
249k Portoviejo
4%
258k Puerto Cabello
3%
289k Punto Fijo
3%
224k San Felipe
3%
234k Sete Lagoas
3%
210k Jaraguá do Sul
2%
357k Acarigua
1%
303k Maiquetía
1%
No matching quizzes found
Score Distribution
Percent of People with Each Score
Percentile by Number Answered
Your Score History
You have not taken this quiz since the last reset